000 nam a22 7a 4500
999 _c9577
_d9577
008 180205b ||||| |||| 00| 0 eng d
100 _aAggarwal, J C
_95725
245 _aSocial science -VIII
260 _aNew Delhi
_bS. Chnad Publication
_c2005